|
|
|
|
| LEADER |
00000cam a2200000 7i4500 |
| 001 |
0000001011 |
| 005 |
20151222.0 |
| 008 |
070704 |
| 020 |
|
|
|a 9838476315
|
| 090 |
0 |
0 |
|a JF
|b AD MAL (1134)
|
| 100 |
0 |
|
|a Jamalludin Hj Othman
|
| 245 |
1 |
0 |
|a Dua jalan berbeza
|c Jamalludin Hj Othman
|
| 260 |
|
|
|a Kuala Lumpur :
|b Buku Must ,
|c 2006
|
| 440 |
|
0 |
|a Siri kembangan minda
|
| 500 |
|
|
|a Children ages 7-9 years old (orange)
|
| 650 |
|
0 |
|a Malay fiction
|
| 999 |
|
|
|a 0000957359
|b Book
|c Children Collection
|e Perbadanan Perpustakaan Awam Johor
|
| 999 |
|
|
|a 0000957360
|b Book
|c Children Collection
|e Perbadanan Perpustakaan Awam Johor
|
| 999 |
|
|
|a 0000957362
|b Book
|c Children Collection
|e Perbadanan Perpustakaan Awam Johor
|
| 999 |
|
|
|a 0001131072
|b Book
|c Children Collection
|e Cawangan Kota Tinggi
|
| 999 |
|
|
|a 0001131077
|b Book
|c Children Collection
|e Cawangan Tmn. Ungku Tun Aminah
|
| 999 |
|
|
|a 0001131098
|b Book
|c Children Collection
|e Cawangan Bandar Penawar
|